01421nam a22003494a 4500001001200000003000800012006001900020007001500039008004100054010001700095020002800112040002100140035002000161050002700181082001400208100002100222245018900243260004900432300002500481504006400506533015200570650002000722650001700742650003000759650004700789655002900836700002300865700002100888710001700909856012600926999001901052ebr10067554CaPaEBRm u cr cn|||||||||021216s2003 maua sb 001 0 eng  z 2002044706 z1402073593 (alk. paper) aCaPaEBRcCaPaEBR a(OCoLC)7074799714aQA76.9.S63bD83 2003eb04a006.32211 aDualibe, Carlos.10aDesign of analog fuzzy logic controllers in CMOS technologiesh[electronic resource] :bimplementation, test, and application /cby Carlos Dualibe, Michel Verleysen, Paul G.A. Jespers. aBoston :bKluwer Academic Publishers,c2003. aviii, 214 p. :bill. aIncludes bibliographical references (p. 199-207) and index. aElectronic reproduction.bPalo Alto, Calif. :cebrary,d2013.nAvailable via World Wide Web.nAccess may be limited to ebrary affiliated libraries. 0aSoft computing. 0aFuzzy logic. 0aProgrammable controllers. 0aMetal oxide semiconductors, Complementary. 7aElectronic books.2local1 aVerleysen, Michel.1 aJespers, Paul G.2 aebrary, Inc.40uhttp://site.ebrary.com/lib/rucke/Doc?id=10067554zAn electronic book accessible through the World Wide Web; click to view c162904d162904